[Event "VIE-ch U11"]
[Site "Hai Phong"]
[Date "2018.07.10"]
[Round "6"]
[White "Luu, Quoc Viet"]
[Black "Le, Phi Lan"]
[Result "1/2-1/2"]
[WhiteElo "1904"]
[BlackElo "1878"]
[PlyCount "77"]
[EventDate "2018.07.07"]
[EventType "swiss"]
[EventRounds "9"]
[EventCountry "VIE"]
[SourceTitle "EXT 2019"]
[Source "ChessBase"]
[SourceDate "2018.10.10"]
[SourceVersion "1"]
[SourceVersionDate "2018.10.10"]
[SourceQuality "1"]

1. d4 Nf6 2. Nf3 e6 3. Bf4 d5 4. c4 Bb4+ 5. Nc3 0-0 6. e3 b6 7. Be2 Bb7 8. 0-0 Nbd7 9. h3 Be7 10. Nd2 c5 11. Bf3 a6 12. Nb3 Rc8 13. dxc5 Nxc5 14. cxd5 exd5 15. Nd4 Nce4 16. Nce2 Qd7 17. Rc1 Rxc1 18. Qxc1 Rc8 19. Qd1 h6 20. Ng3 Bf8 21. Nxe4 dxe4 22. Be2 Rc5 23. Qb3 b5 24. Rd1 Qc8 25. Kh2 Bd5 26. Qa3 Rc4 27. Qa5 Ra4 28. Qd2 Bb4 29. Qc2 Qxc2 30. Nxc2 Bxa2 31. Nxb4 Rxb4 32. Be5 Be6 33. Ra1 Bc8 34. Bc3 Ra4 35. Rd1 Be6 36. Rd8+ Kh7 37. Ra8 Nd5 38. Bd4 Ra1 39. Ra7 1/2-1/2

[Event "Laos op"]
[Site "Vientiane"]
[Date "2018.01.07"]
[Round "8"]
[White "Asavasaetakul, Chawit"]
[Black "Le, Phi Lan"]
[Result "0-1"]
[WhiteElo "1669"]
[BlackElo "1372"]
[PlyCount "110"]
[EventDate "2018.01.03"]
[EventType "swiss"]
[EventRounds "9"]
[EventCountry "LAO"]
[SourceTitle "CBM 182 Extra"]
[Source "ChessBase"]
[SourceDate "2018.02.23"]
[SourceVersion "1"]
[SourceVersionDate "2018.02.23"]
[SourceQuality "1"]

1. e4 c5 2. Nf3 g6 3. c3 d5 4. exd5 Qxd5 5. d4 cxd4 6. cxd4 Bg7 7. Nc3 Qd8 8. Be2 Nf6 9. 0-0 0-0 10. h3 b6 11. Be3 Bb7 12. Rc1 Nbd7 13. Qd2 Rc8 14. Rfd1 e6 15. Nb5 Rxc1 16. Rxc1 a6 17. Nc3 b5 18. a3 Nd5 19. Nxd5 Bxd5 20. Bf4 Nf6 21. Be3 Re8 22. Qc2 Be4 23. Qb3 Nd5 24. Nd2 Nxe3 25. fxe3 Bb7 26. Bf3 Bxf3 27. Nxf3 Qb6 28. Kh1 e5 29. d5 e4 30. Nh2 a5 31. Rc6 Qa7 32. d6 a4 33. Qxb5 Qxe3 34. d7 Qe1+ 35. Nf1 Rd8 36. Rc8 Bf6 37. Rxd8+ Bxd8 38. Qe5 Qxf1+ 39. Kh2 Qf6 40. Qxe4 Qd6+ 41. Kh1 Qxd7 42. Qc2 Qe8 43. Qd2 Bc7 44. Kg1 Be5 45. Kh1 Qb5 46. Kg1 Qxb2 47. Qd8+ Kg7 48. Qe8 Bf6 49. Qxa4 Qd4+ 50. Qxd4 Bxd4+ 51. Kf1 Kf6 52. Ke2 Kf5 53. Kf3 Kg5 54. g3 f5 55. a4 Bb6 0-1

[Event "Laos op"]
[Site "Vientiane"]
[Date "2018.01.04"]
[Round "3"]
[White "Le, Phi Lan"]
[Black "Lee, Christopher C"]
[Result "1/2-1/2"]
[WhiteElo "1372"]
[BlackElo "1747"]
[PlyCount "122"]
[EventDate "2018.01.03"]
[EventType "swiss"]
[EventRounds "9"]
[EventCountry "LAO"]
[SourceTitle "CBM 182 Extra"]
[Source "ChessBase"]
[SourceDate "2018.02.23"]
[SourceVersion "1"]
[SourceVersionDate "2018.02.23"]
[SourceQuality "1"]

1. d4 Nf6 2. c4 g6 3. Nc3 Bg7 4. e4 d6 5. Be2 0-0 6. Bg5 Nbd7 7. Qd2 c5 8. d5 a6 9. a4 Rb8 10. f4 h6 11. Bh4 Nh7 12. g4 Qe8 13. Nf3 Nb6 14. Rg1 Bd7 15. b3 Na8 16. Bf2 Nc7 17. Rb1 b5 18. axb5 axb5 19. h4 b4 20. Nd1 f5 21. gxf5 gxf5 22. e5 Kh8 23. h5 Rg8 24. Nh4 Nf8 25. Qd3 dxe5 26. fxe5 Bxe5 27. Rxg8+ Kxg8 28. Nxf5 Bxf5 29. Qxf5 Bd4 30. Bg3 e5 31. Nf2 Qd7 32. Qf3 Ne8 33. Ng4 Qg7 34. Rc1 Nh7 35. Qf5 Nd6 36. Qe6+ Nf7 37. Bh4 Nhg5 38. Nxh6+ Qxh6 39. Qxh6 Nxh6 40. Bxg5 Nf7 41. Bh4 Ra8 42. Rc2 Ra1+ 43. Bd1 Bc3+ 44. Ke2 Nh6 45. d6 Ra7 46. Kf1 Nf5 47. Bf2 Bd4 48. d7 Rxd7 49. Bg4 Rf7 50. Ke1 Kg7 51. Ra2 Bc3+ 52. Ke2 Nd4+ 53. Bxd4 Bxd4 54. Ra6 Rf2+ 55. Kd3 Rh2 56. Ke4 Rh4 57. Kf5 e4 58. Kg5 Rh2 59. h6+ Kf8 60. Ra8+ Ke7 61. Ra6 Be3+ 1/2-1/2

[Event "VIE-chT"]
[Site "Ho Chi Minh City"]
[Date "2017.07.26"]
[Round "5.43"]
[White "Vo, Thien An"]
[Black "Le, Phi Lan"]
[Result "0-1"]
[WhiteElo "2035"]
[BlackElo "2014"]
[PlyCount "60"]
[EventDate "2017.07.24"]
[EventType "team-swiss"]
[EventRounds "9"]
[EventCountry "VIE"]
[SourceTitle "EXT 2019"]
[Source "ChessBase"]
[SourceDate "2018.10.10"]
[SourceVersion "1"]
[SourceVersionDate "2018.10.10"]
[SourceQuality "1"]

1. d4 Nf6 2. c4 e6 3. Nc3 Bb4 4. e3 0-0 5. Nge2 b6 6. a3 Bxc3+ 7. Nxc3 Bb7 8. Bd3 d5 9. cxd5 exd5 10. 0-0 Nbd7 11. b3 c5 12. Bb2 Rc8 13. dxc5 bxc5 14. Nb5 Qb6 15. a4 c4 16. bxc4 dxc4 17. Bf5 Rcd8 18. Bd4 Nc5 19. Qc2 Qc6 20. f3 Nb3 21. Bxf6 Qxf6 22. Rad1 g6 23. Bh3 Qb6 24. Qc3 Rfe8 25. Nd4 Nxd4 26. Rxd4 Rxd4 27. exd4 Ba6 28. Kh1 Qb3 29. Qxb3 cxb3 30. Rb1 Bd3 0-1

[Event "Ho Chi Minh Pooltech op"]
[Site "Ho Chi Minh City"]
[Date "2017.01.07"]
[Round "2"]
[White "Le, Phi Lan"]
[Black "Nguyen, Truong Bao Tran"]
[Result "0-1"]
[WhiteElo "1461"]
[BlackElo "1996"]
[PlyCount "56"]
[EventDate "2017.01.07"]
[EventType "swiss"]
[EventRounds "9"]
[EventCountry "VIE"]
[SourceTitle "CBM 176 Extra"]
[Source "ChessBase"]
[SourceDate "2017.03.02"]
[SourceVersion "1"]
[SourceVersionDate "2017.03.02"]
[SourceQuality "1"]

1. d4 g6 2. c4 Bg7 3. Nc3 d6 4. e4 Nf6 5. Be2 0-0 6. Nf3 e5 7. d5 Nbd7 8. 0-0 a5 9. a3 Nc5 10. Qc2 a4 11. Be3 Nb3 12. Rad1 Bd7 13. Nd2 Nd4 14. Bxd4 exd4 15. Nb5 Re8 16. Nxd4 Nxd5 17. cxd5 Bxd4 18. Nc4 Qf6 19. Ne3 Bc5 20. Kh1 b5 21. Bd3 Rab8 22. Qe2 b4 23. Nc4 bxa3 24. bxa3 Rb3 25. f4 Qh4 26. g3 Qh3 27. e5 Bg4 28. Qa2 Rxd3 0-1

[Event "VIE-ch"]
[Site "Bac Giang"]
[Date "2016.06.26"]
[Round "6"]
[White "Nguyen, Doan Nam Anh"]
[Black "Le, Phi Lan"]
[Result "0-1"]
[WhiteElo "1919"]
[BlackElo "1913"]
[PlyCount "32"]
[EventDate "2016.06.22"]
[EventType "swiss"]
[EventRounds "9"]
[EventCountry "VIE"]
[SourceTitle "EXT 2017"]
[Source "ChessBase"]
[SourceDate "2016.10.25"]
[SourceVersion "1"]
[SourceVersionDate "2016.10.25"]
[SourceQuality "1"]

1. d4 f5 2. c4 Nf6 3. Nc3 g6 4. Bg5 Bg7 5. f3 0-0 6. e4 fxe4 7. fxe4 d6 8. Nf3 Bg4 9. Qb3 b6 10. 0-0-0 Be6 11. Be2 a6 12. Rhf1 b5 13. e5 Nfd7 14. d5 Nc5 15. Qb4 a5 16. Qxb5 Bd7 0-1

[Event "VIE-ch"]
[Site "Bac Giang"]
[Date "2016.06.23"]
[Round "3"]
[White "Nguyen, Ung Bach"]
[Black "Le, Phi Lan"]
[Result "1-0"]
[WhiteElo "1927"]
[BlackElo "1913"]
[PlyCount "43"]
[EventDate "2016.06.22"]
[EventType "swiss"]
[EventRounds "9"]
[EventCountry "VIE"]
[SourceTitle "EXT 2017"]
[Source "ChessBase"]
[SourceDate "2016.10.25"]
[SourceVersion "1"]
[SourceVersionDate "2016.10.25"]
[SourceQuality "1"]

1. e4 c5 2. Nc3 g6 3. f4 Bg7 4. Nf3 Nc6 5. Bb5 e6 6. d3 Nge7 7. Be3 d6 8. Qd2 0-0 9. g4 a6 10. Bxc6 Nxc6 11. 0-0-0 b5 12. h4 b4 13. Ne2 Qa5 14. Kb1 Qb5 15. h5 a5 16. hxg6 hxg6 17. f5 a4 18. Bh6 b3 19. Bxg7 Kxg7 20. Qh6+ Kf6 21. Qh4+ Kg7 22. f6+ 1-0

[Event "VIE-ch"]
[Site "Bac Giang"]
[Date "2016.06.22"]
[Round "1"]
[White "Pham, Hoai Nam"]
[Black "Le, Phi Lan"]
[Result "1-0"]
[WhiteElo "2064"]
[BlackElo "1913"]
[PlyCount "25"]
[EventDate "2016.06.22"]
[EventType "swiss"]
[EventRounds "9"]
[EventCountry "VIE"]
[SourceTitle "EXT 2017"]
[Source "ChessBase"]
[SourceDate "2016.10.25"]
[SourceVersion "1"]
[SourceVersionDate "2016.10.25"]
[SourceQuality "1"]

1. d4 f5 2. Nc3 Nf6 3. Bg5 d5 4. Bxf6 gxf6 5. e4 Be6 6. Qh5+ Bf7 7. Qxf5 dxe4 8. Qxe4 c6 9. 0-0-0 Nd7 10. d5 Bh6+ 11. Kb1 cxd5 12. Nxd5 Qa5 13. Qxe7# 1-0

[Event "VIE-ch U07"]
[Site "Ho Chi Minh City"]
[Date "2014.07.17"]
[Round "7"]
[White "Le, Phi Lan"]
[Black "Tran, Kiem Gia Hy"]
[Result "1-0"]
[WhiteElo "1389"]
[BlackElo "1402"]
[PlyCount "29"]
[EventDate "2014.07.13"]
[EventType "swiss"]
[EventRounds "9"]
[EventCountry "VIE"]
[SourceTitle "EXT 2016"]
[Source "ChessBase"]
[SourceDate "2015.10.08"]
[SourceVersion "1"]
[SourceVersionDate "2015.10.08"]
[SourceQuality "1"]

1. d4 d5 2. Nc3 Nf6 3. Bf4 c6 4. Nf3 Nh5 5. e3 Nxf4 6. exf4 Bg4 7. Bd3 e6 8. 0-0 Bd6 9. f5 0-0 10. fxe6 fxe6 11. Be2 Nd7 12. Qd3 Rc8 13. h4 Bb8 14. Ng5 Qc7 15. Qxh7# 1-0